• 首页
  • 本馆介绍
  • 公告通知
  • 最新文献
  • 馆藏检索
  • 电子资源
  • 读者导购
  • 参考咨询
  • 我的图书馆
  • 登录
  • 详细信息显示
  • 放入我的书架
  • 预约/预借图书
  • 作者相关作品
  • 分类相关作品
  • 丛书相关作品
  • 出版社相关作品

书目信息

  • 表格格式
  • 工作单格式
  • 卡片格式
题名:
军事情报研究
    
 
作者: 李耐国 著
分册:  
出版信息: 北京   军事科学出版社  2001
页数: 349页
开本: 21cm
丛书名:
单 册:
中图分类: E87
科图分类:
主题词: 军事--情报工作
电子资源:
ISBN: 7-80137-508-4
000 00528nam0 2200193 45
001 0405251665
005 20040203234707.3
010    @a7-80137-508-4@dCNY19.00
100    @a20040525d2001 km y0chiy0120 ea
101 0  @achi
105    @a z 000yy
200 1  @a军事情报研究@AJun Shi Qing Bao Yan Jiu@f李耐国著@FLi Nai Guo Zhu
210    @a北京@c军事科学出版社@d2001
215    @a349页@d21cm
606 0  @a军事@x情报工作
690    @aE87@v4
701  0 @a李耐国@4著
801    @aCN@bTSTC@c20040525
905    @b333771-772@dE87@e33@f2
    
    军事情报研究/李耐国著.-北京:军事科学出版社,2001
    349页;21cm
    
    
    ISBN 7-80137-508-4:CNY19.00
    
●
相关链接 在E读中查询图书 在五车中查询图书 在当当中查询图书 在豆瓣中查询图书


正题名:军事情报研究     索取号:E87/33         预约/预借

序号 登录号 条形码 馆藏地/架位号 状态 备注
1 0333771   203337718   第一借阅区/ [索取号:E87/33] 在馆    
2 0333772   203337727   第一样本阅览室/ [索取号:E87/33] 在馆    
唐山师范学院图书馆 欢迎您!
大连网信软件有限公司© 版权所有